Get the Picture: The Big Bang Theory or Young Sheldon Quiz Stats

 Plays Quiz Updated Oct 5, 2019

Score 0/12 Timer 02:00
14 Plays Today
Question Answer Wrong Answers
Main characters live in an apartment building The Big Bang Theory
94.4%
Young Sheldon
1.3%
Premiered in 2007 The Big Bang Theory
93.3%
Young Sheldon
2.4%
Premiered in 2017 Young Sheldon
93.2%
The Big Bang Theory
2.8%
Set primarily in Texas Young Sheldon
92.7%
The Big Bang Theory
3.2%
Features Leonard as a main character The Big Bang Theory
92.4%
Young Sheldon
3.8%
Uses a voiceover Young Sheldon
91%
The Big Bang Theory
4.8%
Set primarily in California The Big Bang Theory
90.8%
Young Sheldon
5.3%
Features Missy as a main character Young Sheldon
90.2%
The Big Bang Theory
6%
Main characters live in a house Young Sheldon
90.1%
The Big Bang Theory
5.8%
Theme song by Barenaked Ladies The Big Bang Theory
87.7%
Young Sheldon
8.2%
Filmed with a live studio audience The Big Bang Theory
86.1%
Young Sheldon
9.7%
Theme song by Steve Burns Young Sheldon
81.7%
The Big Bang Theory
14.1%

Today's Daily Dose

Missing Word
Video Games (A-Z)

Get the Picture
Tom Hanks

You're not logged in!

Compare scores with friends on all Sporcle quizzes.
OR
Log In

Sporcle TV

Today on Sporcle TV


Watch our educational content, quiz creation guides, and fun videos on Sporcle TV.

Show Comments

Extras

Top Quizzes Today


Score Distribution

Your Account Isn't Verified!

In order to create a playlist on Sporcle, you need to verify the email address you used during registration. Go to your Sporcle Settings to finish the process.

Report this User

Report this user for behavior that violates our Community Guidelines.

Details: